Survey of Volatility and Spillovers on Financial Markets

Prezentácia bohatého rozsahu literatúry o nestálosti a jej šírení finančných trhov prostredníctvom „spillovers“ - rozšírenia. Nové prístupy, alebo existujúce zlepšenia metodiky vedú k výsledkom, ktoré ponúkajú bohatšie poznatky ako tie, ktoré sú odvodené zo štandardov ekonometrických techník. Okrem...

Descrizione completa

Salvato in:
Dettagli Bibliografici
Autore principale: Kočenda, Evžen
Natura: Capitolo di libro
Lingua:inglese
Soggetti:
Tags: Aggiungi Tag
Nessun Tag, puoi essere il primo ad aggiungerne!!

MARC

LEADER 00000naa a2200000 4500
001 0246081
005 20180627130233.0
041 0 |a eng 
044 |a CZ 
245 1 0 |a Survey of Volatility and Spillovers on Financial Markets  |c Evžen Kočenda 
520 |a Prezentácia bohatého rozsahu literatúry o nestálosti a jej šírení finančných trhov prostredníctvom „spillovers“ - rozšírenia. Nové prístupy, alebo existujúce zlepšenia metodiky vedú k výsledkom, ktoré ponúkajú bohatšie poznatky ako tie, ktoré sú odvodené zo štandardov ekonometrických techník. Okrem toho výsledky môžu súvisieť so širokým súborom trhov, keďže skúmané články pokrývajú rozvíjajúce sa a rozvinuté európske trhy, ako aj Spojené štáty. 
610 2 0 |a volatilita 
610 2 0 |a trh finančný 
610 2 0 |a trh finančný medzinárodný 
610 2 0 |a makroekonomika 
610 2 0 |a modely analytické ekonometrické 
100 1 |a Kočenda, Evžen